000
00304nam a2200121Ia 4500
008
241015s9999 xx 000 0 und d
041
_a
eng
082
_a
657.3 PRA
100
_a
Prasad
245
_a
Fundamentals Of Business Analytics
260
_b
Wiley India
_a
New Delhi
_c
2016
300
_a
403;. P. 23 cm
999
_c
41855
_d
41855